000 00611nam a2200181Ia 4500
008 090201s9999 xx 000 0 und d
010 _aKPL-66021
040 _bमराठी
041 _aमराठी
082 _a1431
_b66021
100 _aवंदना आनंद
245 _aसंभोगातुन समाधीकडे
_cवंदना आनंद
250 _a2
260 _c1972
_bजीवन जागृती केंद्र प्रकाश
300 _a136
_bमध्यम
600 _aसंभोगातुन समाधीकडे
942 _cBOOK
999 _c202521
_d202521